[Event "29. Torneo San Viator 2017 - Torneo B"]
[Site "Madrid ESP"]
[Date "2017.10.01"]
[Round "3.19"]
[White "Garcia Hernandez, Armando"]
[Black "Bustos Bernardo, Diego"]
[Result "0-1"]
[WhiteElo "1411"]
[BlackElo "1730"]
[PlyCount "88"]
[EventDate "2017.09.17"]
[EventType "swiss"]
[EventRounds "9"]
[EventCountry "ESP"]
[SourceTitle "Ajedrez en Madrid"]
[Source "lmi"]
[SourceDate "2017.09.17"]

1. Nf3 d5 2. d4 Nf6 3. Nc3 Bf5 4. g3 e6 5. a3 Be7 6. Bg2 O-O 7. O-O Nbd7 8. Bg5
a5 9. e3 c6 10. Re1 h6 11. Bxf6 Nxf6 12. Ne5 a4 13. e4 dxe4 14. Nxe4 Nxe4 15.
Bxe4 Bxe4 16. Rxe4 Qc7 17. Qh5 Bf6 18. Ng4 Qe7 19. Nxh6+ gxh6 20. Qxh6 Ra5 21.
h4 Bg7 22. Rg4 f6 23. Rg6 Rf7 24. h5 Qd6 25. Qe3 Rxh5 26. Re1 Qd5 27. Qe4 Qxe4
28. Rxe4 Rg5 29. Rxg5 fxg5 30. c3 Re7 31. Kg2 e5 32. Kf3 Kf7 33. Kg4 exd4 34.
Rxe7+ Kxe7 35. cxd4 Bxd4 36. Kxg5 Bxb2 37. Kf4 Bxa3 38. Ke3 Bb2 39. Kd3 b5 40.
Kc2 Bd4 41. f4 b4 42. g4 b3+ 43. Kb1 a3 44. g5 a2+ 0-1

[Event "29. Torneo San Viator 2017 - Torneo B"]
[Site "Madrid ESP"]
[Date "2017.10.01"]
[Round "3.20"]
[White "Franco Rincon, David"]
[Black "Ramirez Ocana, Eneas"]
[Result "1-0"]
[WhiteElo "1686"]
[BlackElo "1385"]
[PlyCount "97"]
[EventDate "2017.09.17"]
[EventType "swiss"]
[EventRounds "9"]
[EventCountry "ESP"]
[SourceTitle "Ajedrez en Madrid"]
[Source "lmi"]
[SourceDate "2017.09.17"]

1. Nf3 d5 2. b3 c6 3. Bb2 Nf6 4. e3 Bg4 5. Be2 e6 6. O-O Bd6 7. d3 Qc7 8. Nbd2
Nbd7 9. h3 Bf5 10. c4 O-O 11. Nh4 Bg6 12. Nxg6 hxg6 13. Nf3 Rac8 14. Qd2 Rfd8
15. Rfc1 Nc5 16. b4 Na4 17. Bxf6 gxf6 18. Bd1 b5 19. cxb5 Nb6 20. bxc6 Qe7 21.
Rab1 Na8 22. a4 Rb8 23. b5 Nc7 24. d4 Rb6 25. Be2 Na8 26. Ne1 e5 27. Nf3 e4 28.
Nh2 f5 29. Nf1 Qc7 30. f4 Qe7 31. Qe1 Kg7 32. h4 Rh8 33. g3 Bc7 34. Qb4 Bd6 35.
Qb3 Qe6 36. Qc3 Bc7 37. Qe1 Qe7 38. Nd2 Bd6 39. Nb3 Rc8 40. Nc5 Bxc5 41. Rxc5
Qd6 42. Rc2 Qe7 43. Qb4 Qxb4 44. Rxb4 Kf6 45. Kf2 Ke6 46. g4 Rc7 47. Kg3 Kf6
48. g5+ Kg7 49. Rc5 1-0

[Event "29. Torneo San Viator 2017 - Torneo B"]
[Site "Madrid ESP"]
[Date "2017.10.01"]
[Round "3.21"]
[White "Calvo Gonzalez, Jose Felix"]
[Black "Cujba, Anca-Claudia"]
[Result "1-0"]
[WhiteElo "1385"]
[BlackElo "1664"]
[PlyCount "88"]
[EventDate "2017.09.17"]
[EventType "swiss"]
[EventRounds "9"]
[EventCountry "ESP"]
[SourceTitle "Ajedrez en Madrid"]
[Source "lmi"]
[SourceDate "2017.09.17"]

1. d4 Nf6 2. Bf4 g6 3. e3 Bg7 4. Nf3 d6 5. Be2 O-O 6. h3 Nbd7 7. O-O Qe8 8. Bh2
e5 9. dxe5 dxe5 10. Nc3 Qe7 11. Re1 Kh8 12. Qd2 c6 13. Red1 Ne8 14. a3 f5 15.
e4 f4 16. Bc4 g5 17. Qe2 Qf6 18. Rf1 h5 19. Nd2 Qg6 20. g3 Nb6 21. gxf4 Bxh3
22. f5 Qh6 23. Rfe1 Rd8 24. Nf3 Nd6 25. Nxe5 Bxe5 26. Bxe5+ Kh7 27. Bxd6 Rxd6
28. Bd3 Rd7 29. Kh2 g4 30. Qe3 Rg7 31. Qxh6+ Kxh6 32. e5 Kg5 33. f6 Rgg8 34.
Ne4+ Kf4 35. e6 Nd5 36. e7 Nxe7 37. fxe7 Re8 38. Nf6 Kf3 39. Nxg8 Rxg8 40. e8=Q
Rxe8 41. Rxe8 Kxf2 42. Rh8 h4 43. Rxh4 Kf3 44. Rxh3+ gxh3 1-0

[Event "29. Torneo San Viator 2017 - Torneo B"]
[Site "Madrid ESP"]
[Date "2017.10.01"]
[Round "3.23"]
[White "Jimenez Perez, Federico"]
[Black "Arias Cusio, Oscar"]
[Result "0-1"]
[WhiteElo "1381"]
[BlackElo "1655"]
[PlyCount "73"]
[EventDate "2017.09.17"]
[EventType "swiss"]
[EventRounds "9"]
[EventCountry "ESP"]
[SourceTitle "Ajedrez en Madrid"]
[Source "lmi"]
[SourceDate "2017.09.17"]

1. e4 e6 2. d4 d5 3. e5 c5 4. c3 Nc6 5. Nf3 Qb6 6. Bd3 Bd7 7. Bc2 Rc8 8. O-O
cxd4 9. Ng5 g6 10. cxd4 Nxd4 11. Ba4 Bxa4 12. Qxa4+ Rc6 13. Be3 Bc5 14. a3 Nh6
15. b4 Ne2+ 16. Kh1 Bxe3 17. fxe3 O-O 18. Nd2 Nf5 19. Rf3 Qc7 20. Raf1 Rc1 21.
b5 Rxf1+ 22. Nxf1 Qxe5 23. Qg4 h5 24. Qh3 Qf6 25. e4 Qxg5 26. exf5 exf5 27. Ne3
d4 28. Nd1 Re8 29. Rf1 Qd2 30. Qf3 Nc3 31. Nxc3 dxc3 32. h4 c2 33. Qxb7 c1=Q
34. Rxc1 Qxc1+ 35. Kh2 Qf4+ 36. Kh3 Re3+ 37. g3 0-1

[Event "29. Torneo San Viator 2017 - Torneo B"]
[Site "Madrid ESP"]
[Date "2017.10.01"]
[Round "3.24"]
[White "Ramos Antona, Enrique"]
[Black "Mora Gonzalez-Rojas, Francisco"]
[Result "1-0"]
[WhiteElo "1650"]
[BlackElo "1274"]
[PlyCount "51"]
[EventDate "2017.09.17"]
[EventType "swiss"]
[EventRounds "9"]
[EventCountry "ESP"]
[SourceTitle "Ajedrez en Madrid"]
[Source "lmi"]
[SourceDate "2017.09.17"]

1. d4 d5 2. c4 e6 3. Nf3 Bb4+ 4. Bd2 Bxd2+ 5. Nbxd2 Nf6 6. e3 Nc6 7. Be2 O-O 8.
O-O h6 9. a3 Qe7 10. Qc2 Bd7 11. Rfe1 a6 12. b4 Rab8 13. Rac1 b5 14. cxd5 exd5
15. h3 Rb6 16. Nb3 Qd6 17. Nc5 Bc8 18. Bd3 Re8 19. Rcd1 Re7 20. Nh4 g6 21. Nf3
Kg7 22. Nd2 h5 23. f4 Kh6 24. Nf3 Kg7 25. Qf2 Ne4 26. Qb2 1-0

[Event "29. Torneo San Viator 2017 - Torneo B"]
[Site "Madrid ESP"]
[Date "2017.10.01"]
[Round "3.25"]
[White "Giron Herranz, Juan"]
[Black "Gomez Logrosan, Cristian"]
[Result "0-1"]
[WhiteElo "1366"]
[BlackElo "1638"]
[PlyCount "78"]
[EventDate "2017.09.17"]
[EventType "swiss"]
[EventRounds "9"]
[EventCountry "ESP"]
[SourceTitle "Ajedrez en Madrid"]
[Source "lmi"]
[SourceDate "2017.09.17"]

1. d4 Nf6 2. c4 g6 3. Nc3 Bg7 4. Nf3 O-O 5. e4 d6 6. Bg5 h6 7. Bf4 Nh5 8. Be3
c6 9. Qd2 Kh7 10. Be2 e5 11. dxe5 dxe5 12. O-O-O Qxd2+ 13. Rxd2 Nf4 14. Bxf4
exf4 15. Kc2 Na6 16. a3 Nc5 17. Bd3 Be6 18. b3 a5 19. a4 Rfe8 20. Re1 Bd7 21.
e5 Bg4 22. Ne4 Nxd3 23. Rxd3 Bxf3 24. Rxf3 Rxe5 25. Rxf4 f5 26. f3 fxe4 27.
fxe4 Rf8 28. Rxf8 Bxf8 29. Kd3 Bc5 30. Rf1 Kg7 31. h3 Re6 32. Rf3 Rf6 33. e5
Rxf3+ 34. gxf3 Kf7 35. Ke4 Ke6 36. f4 Bb6 37. h4 h5 38. f5+ gxf5+ 39. Kf4 Bf2
0-1

[Event "29. Torneo San Viator 2017 - Torneo B"]
[Site "Madrid ESP"]
[Date "2017.10.01"]
[Round "3.26"]
[White "Correas Aguilera, Eufemio"]
[Black "Rausell Tamayo, Estrella"]
[Result "1-0"]
[WhiteElo "1621"]
[BlackElo "1264"]
[PlyCount "68"]
[EventDate "2017.09.17"]
[EventType "swiss"]
[EventRounds "9"]
[EventCountry "ESP"]
[SourceTitle "Ajedrez en Madrid"]
[Source "lmi"]
[SourceDate "2017.09.17"]

1. Nf3 d5 2. c4 c6 3. cxd5 cxd5 4. d4 Nf6 5. Nc3 Nc6 6. Bf4 a6 7. e3 e6 8. Bd3
Be7 9. O-O O-O 10. Rc1 Bd7 11. a3 Rc8 12. Qc2 h6 13. Qd2 Na5 14. Qc2 b5 15. b4
Nc4 16. Bxc4 Rxc4 17. Ne5 Rc8 18. Nxd7 Qxd7 19. Qb2 Ne4 20. Nxe4 dxe4 21. Rfe1
Qd5 22. Re2 Rxc1+ 23. Qxc1 Qb7 24. Rc2 g5 25. Rc7 Qa8 26. Be5 f6 27. Rxe7 Rc8
28. Rc7 Rxc7 29. Qxc7 fxe5 30. Qxe5 Qc8 31. Qc5 Qb7 32. g3 Kf7 33. Kg2 Kf6 34.
Qe5+ Ke7 1-0

[Event "29. Torneo San Viator 2017 - Torneo B"]
[Site "Madrid ESP"]
[Date "2017.10.01"]
[Round "3.27"]
[White "Benitez Robles, Antonio"]
[Black "Mateos Cordero, Francisco"]
[Result "0-1"]
[WhiteElo "1343"]
[BlackElo "1618"]
[PlyCount "64"]
[EventDate "2017.09.17"]
[EventType "swiss"]
[EventRounds "9"]
[EventCountry "ESP"]
[SourceTitle "Ajedrez en Madrid"]
[Source "lmi"]
[SourceDate "2017.09.17"]

1. c4 c5 2. Nc3 Nf6 3. Nf3 e6 4. d3 a6 5. g3 Be7 6. Bg2 O-O 7. O-O Nc6 8. Na4
d6 9. Be3 Rb8 10. a3 Bd7 11. Qc2 Ng4 12. Rad1 e5 13. Nc3 Nf6 14. Bc1 Be6 15.
Ng5 Nd4 16. Qd2 Nb3 17. Qc2 Nxc1 18. Nxe6 Nxe2+ 19. Qxe2 fxe6 20. f4 Qc7 21.
Bh3 b5 22. Bxe6+ Kh8 23. fxe5 dxe5 24. Ne4 Qb6 25. b3 Qxe6 26. Ng5 Qd6 27. Qc2
h6 28. Ne4 Nxe4 29. dxe4 Rxf1+ 30. Kxf1 Rf8+ 31. Kg2 Qf6 32. Rd5 Qf1# 0-1

[Event "29. Torneo San Viator 2017 - Torneo B"]
[Site "Madrid ESP"]
[Date "2017.10.01"]
[Round "3.28"]
[White "Lopez Herrero, Israel"]
[Black "Amador Andujar, Alfredo"]
[Result "0-1"]
[WhiteElo "1286"]
[BlackElo "1610"]
[PlyCount "130"]
[EventDate "2017.09.17"]
[EventType "swiss"]
[EventRounds "9"]
[EventCountry "ESP"]
[SourceTitle "Ajedrez en Madrid"]
[Source "lmi"]
[SourceDate "2017.09.17"]

1. e4 c5 2. Nf3 d6 3. d4 cxd4 4. Nxd4 Nf6 5. Nc3 a6 6. Bd3 e6 7. Bg5 Be7 8. O-O
Nxe4 9. Bxe7 Nxc3 10. Qd2 Qxe7 11. Qxc3 O-O 12. Ne2 Nc6 13. Nf4 Bd7 14. Nh5 Qg5
15. Ng3 Rac8 16. f4 Qe7 17. Nh5 f6 18. Qb3 Be8 19. Ng3 Bf7 20. Be2 Nd4 21. Qd3
Nxc2 22. Qd2 Nxa1 23. Rxa1 Bg6 24. f5 exf5 25. Qd5+ Kh8 26. Bc4 Bf7 27. Nxf5
Bxd5 28. Nxe7 Bxc4 29. Nxc8 Rxc8 30. Rc1 Kg8 31. b3 Be6 32. Re1 Kf7 33. Kf2
Rc2+ 34. Re2 Rxe2+ 35. Kxe2 Bd5 36. g3 Ke6 37. Ke3 Ke5 38. h4 h5 39. Kd3 g5 40.
Ke3 gxh4 41. gxh4 Kf5 42. Kd4 Bc6 43. Ke3 Kg4 44. a4 Kxh4 45. Kf2 Kg4 46. Kg1
Kg3 47. a5 h4 48. b4 h3 49. b5 h2+ 50. Kf1 h1=Q+ 51. Ke2 Qf3+ 52. Kd2 Bxb5 53.
Kc2 Qd3+ 54. Kb2 Ba4 55. Ka1 Kf2 56. Kb2 Ke1 57. Ka2 Kd1 58. Kb2 Qc2+ 59. Ka1
Qc1+ 60. Ka2 Qc2+ 61. Ka1 Qd2 62. Kb1 Ke2 63. Ka1 Bb3 64. Kb1 Qc2+ 65. Ka1 Qa2#
0-1

[Event "29. Torneo San Viator 2017 - Torneo B"]
[Site "Madrid ESP"]
[Date "2017.10.01"]
[Round "3.29"]
[White "Periotto Miori, Caterina"]
[Black "Cortijo Manso, Luis"]
[Result "1-0"]
[WhiteElo "1250"]
[BlackElo "1555"]
[PlyCount "91"]
[EventDate "2017.09.17"]
[EventType "swiss"]
[EventRounds "9"]
[EventCountry "ESP"]
[SourceTitle "Ajedrez en Madrid"]
[Source "lmi"]
[SourceDate "2017.09.17"]

1. Nf3 Nf6 2. d4 e6 3. c4 c5 4. Nc3 cxd4 5. Nxd4 Nc6 6. e4 Be7 7. Be2 O-O 8.
O-O a6 9. a3 Qc7 10. Be3 d6 11. h3 Bd7 12. b4 Ne5 13. Rc1 Qb8 14. f3 Nc6 15.
Qc2 Nxd4 16. Bxd4 e5 17. Be3 Re8 18. Rfd1 Bf8 19. Qd2 Bc6 20. Nd5 Nxd5 21. cxd5
Ba4 22. Re1 Rc8 23. Bd1 Rxc1 24. Qxc1 Bd7 25. Be2 Qc8 26. Bb6 Qxc1 27. Rxc1 Rc8
28. Rxc8 Bxc8 29. Kf2 f5 30. exf5 Bxf5 31. Ke3 Kf7 32. b5 axb5 33. Bxb5 Ke7 34.
Bc7 g6 35. Bb6 Bh6+ 36. Ke2 Bf4 37. a4 e4 38. g4 exf3+ 39. Kxf3 Be5 40. gxf5
gxf5 41. Be3 h5 42. Bd3 Kf6 43. Bf4 h4 44. Ke3 b6 45. Kf3 Kg6 46. Be3 1-0

[Event "29. Torneo San Viator 2017 - Torneo B"]
[Site "Madrid ESP"]
[Date "2017.10.01"]
[Round "3.30"]
[White "Barragan Sanchez, Enrique"]
[Black "Campos Calderon, David"]
[Result "0-1"]
[WhiteElo "1536"]
[BlackElo "1242"]
[PlyCount "52"]
[EventDate "2017.09.17"]
[EventType "swiss"]
[EventRounds "9"]
[EventCountry "ESP"]
[SourceTitle "Ajedrez en Madrid"]
[Source "lmi"]
[SourceDate "2017.09.17"]

1. d4 d5 2. Nf3 Nf6 3. c4 e6 4. Bg5 Be7 5. Nc3 O-O 6. e3 h6 7. Bxf6 Bxf6 8.
cxd5 exd5 9. Bd3 Bg4 10. O-O Re8 11. Rc1 c6 12. h3 Bh5 13. g4 Bg6 14. Bxg6 fxg6
15. Re1 Nd7 16. e4 dxe4 17. Rxe4 Rxe4 18. Nxe4 Nb6 19. b3 Nd5 20. Qd2 Kh7 21.
g5 Be7 22. h4 Qd7 23. Kf1 Qg4 24. Qe2 Nf4 25. Qe3 Qh3+ 26. Ke1 Ng2+ 0-1

[Event "29. Torneo San Viator 2017 - Torneo B"]
[Site "Madrid ESP"]
[Date "2017.10.01"]
[Round "3.31"]
[White "Climent Castillo, Daniel"]
[Black "Serrano Ruiz, Lope"]
[Result "1/2-1/2"]
[WhiteElo "1237"]
[BlackElo "1521"]
[PlyCount "42"]
[EventDate "2017.09.17"]
[EventType "swiss"]
[EventRounds "9"]
[EventCountry "ESP"]
[SourceTitle "Ajedrez en Madrid"]
[Source "lmi"]
[SourceDate "2017.09.17"]

1. d4 d5 2. Nf3 Nc6 3. c3 Nf6 4. g3 Bg4 5. Bg2 h5 6. Nbd2 e6 7. O-O Qd6 8. Re1
O-O-O 9. e4 Nxe4 10. Nxe4 dxe4 11. Rxe4 f5 12. Re1 g6 13. h3 Bxf3 14. Qxf3 Bh6
15. Bxh6 Rxh6 16. Qe3 g5 17. Qxg5 Rdh8 18. Qf4 Qxf4 19. gxf4 Na5 20. b3 Rg6 21.
Kh2 h4 1/2-1/2

[Event "29. Torneo San Viator 2017 - Torneo B"]
[Site "Madrid ESP"]
[Date "2017.10.01"]
[Round "3.32"]
[White "Alvarez Garcia, Jose Javier"]
[Black "Urbelz Perez, Ignacio"]
[Result "0-1"]
[WhiteElo "1230"]
[BlackElo "1517"]
[PlyCount "96"]
[EventDate "2017.09.17"]
[EventType "swiss"]
[EventRounds "9"]
[EventCountry "ESP"]
[SourceTitle "Ajedrez en Madrid"]
[Source "lmi"]
[SourceDate "2017.09.17"]

1. e4 c6 2. d4 d5 3. e5 c5 4. Bb5+ Nc6 5. Bxc6+ bxc6 6. c3 e6 7. Ne2 cxd4 8.
cxd4 Bb4+ 9. Nbc3 Nh6 10. Bxh6 gxh6 11. Qd2 Qg5 12. Qxg5 hxg5 13. Ng3 h5 14.
Nge2 Ba6 15. O-O-O Rb8 16. a3 Be7 17. g3 Kd7 18. f3 c5 19. h3 Rhc8 20. Rd2 Bxe2
21. Nxe2 cxd4+ 22. Kb1 Bxa3 23. Nxd4 Rc4 24. Rhd1 Bb4 25. Rc2 Bc3 26. Ne2 Rxb2+
27. Rxb2 Bxb2 28. Kxb2 a5 29. Rd4 Kc6 30. Rxc4+ dxc4 31. Nc3 Kc5 32. Ne4+ Kd4
33. Kc2 g4 34. Ng5 gxh3 35. Nxh3 Kxe5 36. Kc3 Kd5 37. Nf2 f5 38. Nd1 f4 39. g4
hxg4 40. fxg4 e5 41. g5 a4 42. g6 Ke6 43. Kxc4 a3 44. Nc3 f3 45. Kb3 f2 46. g7
Kf7 47. Ne4 f1=Q 48. Kxa3 Qd3+ 0-1

[Event "29. Torneo San Viator 2017 - Torneo B"]
[Site "Madrid ESP"]
[Date "2017.10.01"]
[Round "3.33"]
[White "Teran Gonzalez, Adrian"]
[Black "Garcia Prada, Alejandro"]
[Result "0-1"]
[WhiteElo "1211"]
[BlackElo "1505"]
[PlyCount "114"]
[EventDate "2017.09.17"]
[EventType "swiss"]
[EventRounds "9"]
[EventCountry "ESP"]
[SourceTitle "Ajedrez en Madrid"]
[Source "lmi"]
[SourceDate "2017.09.17"]

1. d4 d5 2. Bf4 Nf6 3. c4 e6 4. Nc3 Bd6 5. Be5 c6 6. Qa4 Bxe5 7. dxe5 Nfd7 8.
Nf3 Nb6 9. Qa5 Nxc4 10. Qxd8+ Kxd8 11. O-O-O Nd7 12. e4 Ncxe5 13. exd5 exd5 14.
Nxe5 Nxe5 15. Be2 Re8 16. Rhe1 Bg4 17. f3 Bd7 18. h3 Kc7 19. b3 Re7 20. Kb2
Rae8 21. Rc1 Nd3+ 22. Kc2 Nxc1 23. Rxc1 Rxe2+ 24. Nxe2 Rxe2+ 25. Kd3 Rxg2 26.
a4 Rg3 27. Ke3 Rxh3 28. Kf2 Rh2+ 29. Kg3 Rb2 30. Rh1 h6 31. Re1 Rxb3 32. Re7
Kd6 33. Rxf7 g5 34. Rf6+ Ke5 35. Rxh6 g4 36. Rh5+ Kd4 37. Rh1 Rxf3+ 38. Kg2 Ra3
39. Rd1+ Kc5 40. Rc1+ Kb4 41. Rb1+ Rb3 42. Ra1 a5 43. Ra2 c5 44. Kf2 Bxa4 45.
Rd2 d4 46. Re2 Re3 47. Rb2+ Bb3 48. Rd2 Kc3 49. Re2 g3+ 50. Ke1 Rxe2+ 51. Kxe2
Bd1+ 52. Ke1 Kd3 53. Kf1 Bf3 54. Ke1 a4 55. Kf1 a3 56. Kg1 a2 57. Kf1 a1=Q# 0-1

[Event "29. Torneo San Viator 2017 - Torneo B"]
[Site "Madrid ESP"]
[Date "2017.10.01"]
[Round "3.34"]
[White "Moreno Payo, Jesus"]
[Black "Garcia Rojas, Juan Carlos"]
[Result "0-1"]
[WhiteElo "1094"]
[BlackElo "1470"]
[PlyCount "162"]
[EventDate "2017.09.17"]
[EventType "swiss"]
[EventRounds "9"]
[EventCountry "ESP"]
[SourceTitle "Ajedrez en Madrid"]
[Source "lmi"]
[SourceDate "2017.09.17"]

1. e4 c5 2. Nf3 d6 3. d4 cxd4 4. Nxd4 a6 5. Nc3 e6 6. Bd3 Nf6 7. Bg5 Be7 8. f4
Qb6 9. Nb3 Nc6 10. a3 h6 11. Bh4 Qe3+ 12. Ne2 Nxe4 13. Bxe4 Qxe4 14. Rg1 Bxh4+
15. g3 Be7 16. Qd2 O-O 17. O-O-O b6 18. g4 Bb7 19. Nc3 Qh7 20. h4 e5 21. fxe5
Bxh4 22. Qxd6 Bg5+ 23. Kb1 Rac8 24. e6 Kh8 25. Rgf1 Be7 26. Qg3 f6 27. Rd7 Ba8
28. Qf2 Qg6 29. Nd5 Bc5 30. Nxc5 bxc5 31. Qxc5 Ne5 32. Rc7 Rxc7 33. Nxc7 Be4
34. Qxf8+ Kh7 35. Qc5 Qxg4 36. e7 Qe2 37. Rf2 Qd1+ 38. Ka2 Nd3 39. Qd4 Nc1+ 40.
Kb1 Qxd4 41. e8=Q Qxf2 42. Qxe4+ f5 43. Qe7 Ne2 44. Ka2 Nf4 45. Ne8 Qd4 46. c3
Qd5+ 47. Kb1 Nh5 48. Nc7 Qd3+ 49. Ka2 f4 50. Ne6 f3 51. Qf7 Qd5+ 52. Kb1 Qe4+
53. Ka2 f2 54. Nf8+ Kh8 55. Ng6+ Qxg6 56. Qxg6 f1=Q 57. Qxh5 Qc4+ 58. Kb1 Kh7
59. Qf5+ Kg8 60. Kc2 Qc6 61. b4 g6 62. Qe5 h5 63. Qg5 Kh7 64. Kb3 Qe6+ 65. c4
Qh3+ 66. Ka4 Qc3 67. Qc5 h4 68. b5 axb5+ 69. Qxb5 h3 70. Qc6 Qc2+ 71. Kb5 Qb3+
72. Kc5 Qxa3+ 73. Kd5 Qg3 74. c5 Qf3+ 75. Ke5 Qf5+ 76. Kd6 Qf6+ 77. Kc7 Qxc6+
78. Kxc6 h2 79. Kd6 h1=Q 80. c6 g5 81. c7 Qc1 0-1

[Event "29. Torneo San Viator 2017 - Torneo B"]
[Site "Madrid ESP"]
[Date "2017.10.01"]
[Round "3.35"]
[White "Lopez Ochoa, Arsenio"]
[Black "Torrecillas Adan, Luis"]
[Result "1-0"]
[WhiteElo "1035"]
[BlackElo "1466"]
[PlyCount "129"]
[EventDate "2017.09.17"]
[EventType "swiss"]
[EventRounds "9"]
[EventCountry "ESP"]
[SourceTitle "Ajedrez en Madrid"]
[Source "lmi"]
[SourceDate "2017.09.17"]

1. e4 e5 2. Nf3 Nc6 3. Bb5 Nge7 4. Nc3 a6 5. Bc4 h6 6. d4 d6 7. d5 Nb8 8. h3
Ng6 9. g3 Be7 10. h4 Bg4 11. Qd3 Bxf3 12. Qxf3 Nd7 13. h5 Ngf8 14. Be3 Nf6 15.
O-O-O Qd7 16. Rh4 O-O-O 17. Qf5 Qxf5 18. exf5 N6h7 19. Rh2 Bg5 20. Be2 Bxe3+
21. fxe3 Ng5 22. Bg4 f6 23. e4 Nd7 24. b4 Nb6 25. Be2 Kb8 26. a4 Nd7 27. Kd2
Rc8 28. Ke3 c6 29. Bd3 cxd5 30. Nxd5 Ka7 31. a5 b6 32. axb6+ Nxb6 33. Nxb6 Kxb6
34. Ra1 Ra8 35. c4 Rhc8 36. b5 a5 37. Bf1 Nf7 38. Rd2 Ra7 39. Kd3 Rca8 40. Rda2
a4 41. Ra3 Nd8 42. Be2 Nb7 43. Kc3 Nc5 44. Kb4 Nxe4 45. g4 Nc5 46. Bd1 e4 47.
Bc2 e3 48. Re1 Re8 49. Rexe3 Rxe3 50. Rxe3 Ra8 51. Ra3 Re8 52. Bxa4 Nxa4 53.
Kxa4 Re4 54. Kb4 Rxg4 55. Ra6+ Kb7 56. Rxd6 Rg5 57. Rd7+ Kc8 58. Rf7 Rxf5 59.
b6 Rxh5 60. b7+ Kb8 61. Ka4 f5 62. Ka5 f4+ 63. Ka6 f3 64. Rf8+ Kc7 65. b8=Q+
1-0

[Event "29. Torneo San Viator 2017 - Torneo B"]
[Site "Madrid ESP"]
[Date "2017.10.01"]
[Round "3.36"]
[White "Baranco Gonzalez, Nicolas"]
[Black "Jubin Diez, Damien"]
[Result "1-0"]
[WhiteElo "1455"]
[BlackElo "1138"]
[PlyCount "96"]
[EventDate "2017.09.17"]
[EventType "swiss"]
[EventRounds "9"]
[EventCountry "ESP"]
[SourceTitle "Ajedrez en Madrid"]
[Source "lmi"]
[SourceDate "2017.09.17"]

1. e4 e6 2. Nf3 d5 3. exd5 exd5 4. d4 Bg4 5. Be2 h6 6. O-O Nf6 7. Re1 Be7 8. h3
Bh5 9. Nh2 Bg6 10. Ng4 Nxg4 11. Bxg4 O-O 12. Nc3 c6 13. Bf4 Bf6 14. Be5 Bxe5
15. dxe5 Re8 16. f4 Qb6+ 17. Kh1 Qxb2 18. Na4 Qxc2 19. Qxc2 Bxc2 20. Nc5 b6 21.
Nd7 Na6 22. e6 fxe6 23. Bxe6+ Kh8 24. Ne5 Nc5 25. f5 Be4 26. Nxc6 Nxe6 27. fxe6
Rxe6 28. Nd4 Re7 29. Nf5 Rc7 30. Nd6 Bg6 31. Re6 Rc6 32. Nf7+ Bxf7 33. Rxc6 Rd8
34. Rc7 Bg6 35. Rxa7 Bc2 36. Rc1 Be4 37. Re7 Bd3 38. a4 d4 39. Re6 b5 40. axb5
Bxb5 41. Re5 Ba4 42. Re4 Bb3 43. Rce1 d3 44. Re8+ Rxe8 45. Rxe8+ Kh7 46. Rd8
Bc2 47. Kg1 g6 48. Rd7+ Kg8 1-0

[Event "29. Torneo San Viator 2017 - Torneo B"]
[Site "Madrid ESP"]
[Date "2017.10.01"]
[Round "3.39"]
[White "Marcelo De La Mata, Daniel"]
[Black "Serrano Ruiz, Miguel"]
[Result "1-0"]
[WhiteElo "1641"]
[BlackElo "1237"]
[PlyCount "59"]
[EventDate "2017.09.17"]
[EventType "swiss"]
[EventRounds "9"]
[EventCountry "ESP"]
[SourceTitle "Ajedrez en Madrid"]
[Source "lmi"]
[SourceDate "2017.09.17"]

1. e4 c5 2. Nc3 e6 3. Nf3 a6 4. a4 b6 5. d4 cxd4 6. Nxd4 Bb7 7. Bd3 Bc5 8. Be3
Qf6 9. Bc4 Qh4 10. Nf3 Qh5 11. Bxc5 Qxc5 12. Qe2 Ne7 13. O-O Ng6 14. Bb3 O-O
15. Rad1 d6 16. Qd2 Rd8 17. Kh1 Nc6 18. Ne1 Rac8 19. Nd3 Qh5 20. Qe3 Qa5 21. f4
Nb4 22. f5 Nxd3 23. Rxd3 Ne5 24. Rdd1 exf5 25. Rxf5 Rc5 26. Rdf1 Rf8 27. Qd4
Rc6 28. Bd5 Rc7 29. b4 Rc4 30. Bxc4 1-0

[Event "29. Torneo San Viator 2017 - Torneo B"]
[Site "Madrid ESP"]
[Date "2017.10.01"]
[Round "3.41"]
[White "Insua Rodriguez, Antonio"]
[Black "Estebaran Rodriguez, Guillermo"]
[Result "0-1"]
[WhiteElo "1373"]
[BlackElo "1176"]
[PlyCount "74"]
[EventDate "2017.09.17"]
[EventType "swiss"]
[EventRounds "9"]
[EventCountry "ESP"]
[SourceTitle "Ajedrez en Madrid"]
[Source "lmi"]
[SourceDate "2017.09.17"]

1. c4 e5 2. Nc3 Nc6 3. Nf3 Bc5 4. g3 Nf6 5. Bg2 O-O 6. O-O d5 7. cxd5 Nxd5 8.
Nxd5 Qxd5 9. Qc2 e4 10. Ne1 Bf5 11. d3 Rfe8 12. Bf4 Bd6 13. Be3 Qe6 14. dxe4
Bxe4 15. Qa4 Bxg2 16. Nxg2 Ne5 17. Nf4 Qc4 18. Qd1 Ng4 19. Bd2 Bxf4 20. Rc1 Qd5
21. Bxf4 Qh5 22. h4 Re4 23. e3 g5 24. Bxg5 f6 25. Qd5+ Kg7 26. Rxc7+ Kf8 27.
Qd6+ Kg8 28. Qd5+ Kf8 29. Qf7+ Qxf7 30. Rxf7+ Kxf7 31. f3 Nxe3 32. Rc1 Rae8 33.
Rc7+ Kg8 34. Bxf6 Nd5 35. Rg7+ Kf8 36. Bg5 Re1+ 37. Kh2 Kxg7 0-1

[Event "29. Torneo San Viator 2017 - Torneo B"]
[Site "Madrid ESP"]
[Date "2017.10.01"]
[Round "3.42"]
[White "Pastor Diaz, David"]
[Black "Ramirez Nebot, Eneas"]
[Result "0-1"]
[WhiteElo "1323"]
[BlackElo "1097"]
[PlyCount "62"]
[EventDate "2017.09.17"]
[EventType "swiss"]
[EventRounds "9"]
[EventCountry "ESP"]
[SourceTitle "Ajedrez en Madrid"]
[Source "lmi"]
[SourceDate "2017.09.17"]

1. c4 c6 2. Nc3 d5 3. e3 Nf6 4. Nf3 Bg4 5. Be2 e6 6. cxd5 cxd5 7. O-O Bd6 8. b3
O-O 9. Bb2 a6 10. Re1 Nbd7 11. Qc2 Qc7 12. g3 Bf5 13. Qd1 b5 14. d4 Rac8 15.
Rc1 Qb7 16. Nh4 Bh3 17. Bf1 Bg4 18. f3 Bh5 19. g4 Bg6 20. Nxg6 fxg6 21. f4 Qb8
22. g5 Nh5 23. Rc2 Rf7 24. Bc1 Bb4 25. Bxb5 axb5 26. Nxb5 Rxc2 27. Qxc2 Bxe1
28. Nc7 Qc8 29. Ba3 Nb8 30. Bd6 Bb4 31. Be5 Ba5 0-1

[Event "29. Torneo San Viator 2017 - Torneo B"]
[Site "Madrid ESP"]
[Date "2017.10.01"]
[Round "3.43"]
[White "Garcia Lozano, Javier"]
[Black "Amador Andujar, Gabriel"]
[Result "1-0"]
[WhiteElo "1301"]
[BlackElo "1090"]
[PlyCount "81"]
[EventDate "2017.09.17"]
[EventType "swiss"]
[EventRounds "9"]
[EventCountry "ESP"]
[SourceTitle "Ajedrez en Madrid"]
[Source "lmi"]
[SourceDate "2017.09.17"]

1. e4 e5 2. Nf3 Nc6 3. d4 d6 4. d5 Nb4 5. a3 Na6 6. Bd3 Be7 7. Be3 Nf6 8. c4
Ng4 9. O-O Nxe3 10. fxe3 Bg5 11. Qe2 Nc5 12. b4 Nxd3 13. Qxd3 O-O 14. c5 b5 15.
a4 bxa4 16. Rxa4 Bd7 17. c6 Bc8 18. Nc3 a6 19. b5 Bg4 20. Rxa6 Rxa6 21. bxa6
Qa8 22. Nxg5 h6 23. Nf3 Rb8 24. Ra1 Rb6 25. a7 Bc8 26. Nd2 Kf8 27. Nf1 Rb3 28.
Nd2 Rb6 29. Ne2 Rb2 30. Qc3 Rb6 31. Qc4 Rb2 32. Nf3 f6 33. Nh4 Kf7 34. Nf5 Rb6
35. Neg3 Rb2 36. Qa4 Rb6 37. Kf2 Rb2+ 38. Kf3 Kg6 39. Ne7+ Kf7 40. Nxc8 Rd2 41.
Qb4 1-0